000 00368 a2200157 4500
001 170960
020 _a
040 _cMagnum
100 _aZemel, Maria de Lurdes, Lamboy, Maria Eliza de
240 1 0 _aLiberdade e poder decidir
_lpor
245 1 0 _aLiberdade e poder decidir
362 0 _a1899
440 1 _aFTD
697 _aIJ/SOCIEDADE COTIDIANO
942 _cBK
999 _c170960
_d170960